[Event "SF Gerresheim 1 - SV Erkenschwick 1"]
[Site "Oberliga NRW 2018/2019"]
[Date "2019.03.17"]
[Round "7.8"]
[White "Stork, Ornett"]
[Black "Schulze Bisping, Franz-Adolf"]
[Result "1-0"]
[WhiteElo "2115"]
[BlackElo "1935"]
[Annotator "Daniel"]
[PlyCount "105"]
[EventDate "2019.??.??"]
[WhiteTeam "SF Gerresheim 1"]
[BlackTeam "SV Erkenschwick 1"]

1. d4 e6 2. Nc3 c5 3. dxc5 Bxc5 4. e4 Nc6 5. Qg4 Kf8 6. Nf3 Nf6 7. Qh4 d5 8.
Bg5 dxe4 9. Nxe4 Be7 10. Nxf6 Bxf6 11. Bxf6 Qxf6 12. Qxf6 gxf6 13. O-O-O Ke7
14. Bb5 Bd7 15. Nd4 Rac8 16. Bxc6 Bxc6 17. Nxc6+ Rxc6 18. Rd3 Rhc8 $11 19. c3
Rc5 20. Rhd1 R8c7 21. Rh3 h5 22. Rd4 Rg5 23. g3 Rcc5 24. Rhh4 Rgf5 25. Rhf4
Rfd5 26. Kc2 Rxd4 27. Rxd4 Rf5 28. Rd2 Rf3 29. Kd1 Rf5 30. Ke2 Ra5 31. a3 Ra4
32. Ke3 Rc4 33. h3 Rc5 34. Rd4 Rf5 35. Ra4 a6 36. Rb4 b5 37. Rd4 Rc5 38. f3 Rg5
39. Kf2 Rf5 40. Rd3 Rc5 41. h4 Rc4 42. Ke3 Rc5 43. Rd4 Re5+ 44. Re4 Rd5 45. Ke2
Kd6 46. Rd4 f5 47. Rxd5+ Kxd5 $11 48. b3 e5 49. g4 fxg4 50. fxg4 hxg4 51. h5 f5
52. h6 g3 53. h7 1-0

[Event "SG Porz 1 - SK Münster 1"]
[Site "Oberliga NRW 2018/2019"]
[Date "2019.03.17"]
[Round "7.1"]
[White "Webb, Laurence"]
[Black "Lutz, Christopher"]
[Result "0-1"]
[WhiteElo "2281"]
[BlackElo "2490"]
[PlyCount "148"]
[EventDate "2019.??.??"]
[WhiteTeam "SK Münster 1"]
[BlackTeam "SG Porz 1"]

1. d4 Nf6 2. c4 e6 3. Nc3 Bb4 4. e3 O-O 5. Nge2 d5 6. a3 Be7 7. cxd5 exd5 8. b4
Nbd7 9. Nf4 Nb6 10. Bd3 c6 11. O-O Re8 12. Rb1 Bd6 13. b5 c5 14. dxc5 Bxc5 15.
Qc2 Qd6 16. e4 dxe4 17. Nxe4 Nxe4 18. Bxe4 g6 19. Rb3 Bd4 20. g3 Qe7 21. Bd3
Bg4 22. Rb4 Rac8 23. Qb1 Qc5 24. Bb2 Bxb2 25. Qxb2 Bf3 26. Qb3 Qc3 27. h4 Re1
28. Qxc3 Rxf1+ 29. Kxf1 Rxc3 30. Ke1 Rxa3 31. Kd2 Nd5 32. Nxd5 Bxd5 33. Rd4 Be6
34. Rd8+ Kg7 35. Rb8 b6 36. Rb7 Kf6 37. Rc7 h6 38. f4 Ra2+ 39. Ke3 Ra3 40. Kd4
h5 41. Rb7 Ra4+ 42. Ke3 Bc4 43. Bxc4 Rxc4 44. Rxa7 Rb4 45. Rb7 Rxb5 46. Kf3 Ke6
47. Kf2 Rb2+ 48. Kf3 f6 49. Ke4 Rb4+ 50. Kf3 Kf5 51. Kf2 Rb2+ 52. Kf3 Rb3+ 53.
Kf2 b5 54. Rb8 Rb1 55. Kf3 Rb2 56. Rb7 Rb3+ 57. Kf2 b4 58. Rb6 Rb1 59. Kf3 b3
60. Rb5+ Ke6 61. Kg2 f5 62. Rb6+ Kd5 63. Rxg6 Ra1 64. Rb6 Kc4 65. Rb8 Kc3 66.
Rc8+ Kd3 67. Rd8+ Kc2 68. Rc8+ Kb1 69. g4 fxg4 70. Rc5 b2 71. Rxh5 Ra3 72. Rb5
Kc2 73. Rxb2+ Kxb2 74. f5 Rh3 0-1

[Event "SG Porz 1 - SK Münster 1"]
[Site "Oberliga NRW 2018/2019"]
[Date "2019.03.17"]
[Round "7.2"]
[White "Rotstein, Arkadij"]
[Black "Holtel, Jasper"]
[Result "1-0"]
[WhiteElo "2467"]
[BlackElo "2206"]
[PlyCount "93"]
[EventDate "2019.??.??"]
[WhiteTeam "SG Porz 1"]
[BlackTeam "SK Münster 1"]

1. e4 c5 2. Nc3 a6 3. g3 b5 4. Bg2 Bb7 5. Nge2 e6 6. d4 cxd4 7. Nxd4 b4 8. Na4
Nf6 9. O-O Bxe4 10. Bxe4 Nxe4 11. c4 bxc3 12. Re1 d5 13. Nxc3 Nxc3 14. Qh5 g6
15. Qe5 Ne4 16. Qxh8 Qf6 17. Qxf6 Nxf6 18. Be3 Nbd7 19. Nc6 Bd6 20. Rac1 Ne5
21. Nxe5 Bxe5 22. Re2 Nd7 23. Rec2 Ke7 24. f4 Bg7 25. b3 d4 26. Bd2 e5 27. Bb4+
Ke6 28. Rc7 Bf8 29. Bxf8 Nxf8 30. fxe5 Rd8 31. Rc8 Rxc8 32. Rxc8 Nd7 33. Re8+
Kf5 34. g4+ Ke4 35. e6 fxe6 36. Rxe6+ Ne5 37. Kf2 a5 38. g5 Kd5 39. Re7 Nd3+
40. Ke2 Nc1+ 41. Kd2 Nxa2 42. Rxh7 Nc3 43. Ra7 Ne4+ 44. Ke2 Kc5 45. Rxa5+ Kb4
46. Re5 Nc5 47. Rxc5 1-0

[Event "SG Porz 1 - SK Münster 1"]
[Site "Oberliga NRW 2018/2019"]
[Date "2019.03.17"]
[Round "7.3"]
[White "Wolter, Kai"]
[Black "Xu, Xianliang"]
[Result "1/2-1/2"]
[WhiteElo "2253"]
[BlackElo "2476"]
[PlyCount "88"]
[EventDate "2019.??.??"]
[WhiteTeam "SK Münster 1"]
[BlackTeam "SG Porz 1"]

1. e4 c5 2. Nf3 d6 3. d4 cxd4 4. Nxd4 Nf6 5. Nc3 g6 6. Be3 Bg7 7. f3 O-O 8. Qd2
Nc6 9. O-O-O d5 10. Qe1 e5 11. Nxc6 bxc6 12. exd5 Nxd5 13. Bc4 Be6 14. Ne4 Qc7
15. Bc5 Rfd8 16. Qh4 Qa5 17. Qe1 Qc7 18. Qh4 h6 19. g4 Nf4 20. Bxe6 Nxe6 21.
Be3 Nf4 22. Qf2 Rd5 23. b3 Qa5 24. a4 Rc8 25. Bd2 Qc7 26. Be3 f5 27. gxf5 gxf5
28. Nc3 Rdd8 29. Rxd8+ Rxd8 30. Rd1 Nd5 31. Bd2 Qd6 32. Rg1 Kh7 33. Qxa7 Rd7
34. Qa5 e4 35. fxe4 fxe4 36. Nxd5 Qa3+ 37. Kd1 Rxd5 38. Rxg7+ Kxg7 39. Qc7+ Kg8
40. Qxc6 Qa1+ 41. Ke2 Qe5 42. Qg6+ Kh8 43. Qxh6+ Kg8 44. Qg6+ Kh8 1/2-1/2

[Event "SG Porz 1 - SK Münster 1"]
[Site "Oberliga NRW 2018/2019"]
[Date "2019.03.17"]
[Round "7.4"]
[White "Korotkjevich, Stanislav"]
[Black "Wilde, Pierre"]
[Result "1-0"]
[WhiteElo "2350"]
[BlackElo "2196"]
[PlyCount "89"]
[EventDate "2019.??.??"]
[WhiteTeam "SG Porz 1"]
[BlackTeam "SK Münster 1"]

1. d4 e6 2. Nf3 c5 3. c3 Nf6 4. Bf4 b6 5. e3 Be7 6. h3 O-O 7. Bd3 Ba6 8. Bxa6
Nxa6 9. O-O Qc8 10. Nbd2 Qb7 11. Qe2 d5 12. Rfe1 Rac8 13. a4 Nc7 14. a5 b5 15.
dxc5 Bxc5 16. Nb3 Be7 17. Ne5 Nce8 18. a6 Qb6 19. Qd3 Nd6 20. Qd4 Qb8 21. Na5
Nf5 22. Nec6 Qa8 23. Qxa7 Qxa7 24. Nxa7 Ra8 25. N5c6 Bd6 26. Nxb5 Bxf4 27. exf4
Rfc8 28. Ncd4 Nxd4 29. Nxd4 Nd7 30. Ra5 Kf8 31. g3 Nb6 32. Rea1 Nc4 33. Rb5 Nd6
34. Rb4 Ke8 35. a7 Kd7 36. Ra6 Nc4 37. Nb5 Rc6 38. Ra2 Rb6 39. Raa4 Rb7 40. Ra6
h5 41. Kg2 Rb6 42. Rxb6 Nxb6 43. Nd6 Kc6 44. Nxf7 Rxa7 45. Nd8+ 1-0

[Event "SG Porz 1 - SK Münster 1"]
[Site "Oberliga NRW 2018/2019"]
[Date "2019.03.17"]
[Round "7.5"]
[White "Muschik, Benedikt"]
[Black "Malykin, Vitaly"]
[Result "1/2-1/2"]
[WhiteElo "2213"]
[BlackElo "2296"]
[Annotator "Daniel"]
[PlyCount "46"]
[EventDate "2019.??.??"]
[WhiteTeam "SK Münster 1"]
[BlackTeam "SG Porz 1"]

1. d4 d5 2. Bf4 Nf6 3. e3 e6 4. Nf3 Bd6 5. Bg3 c5 6. c3 Qc7 7. dxc5 Qxc5 8. Qd4
Qc7 9. Bxd6 Qxd6 10. e4 Nc6 11. Bb5 Qf4 12. Nbd2 dxe4 13. Ne5 O-O 14. Nxc6 bxc6
15. Bxc6 Rb8 16. Nxe4 e5 17. Nxf6+ Qxf6 18. Qa4 $11 Rxb2 19. O-O Bf5 20. Be4
Bxe4 21. Qxe4 Rd8 22. a4 g6 23. Qe3 a6 1/2-1/2

[Event "SG Porz 1 - SK Münster 1"]
[Site "Oberliga NRW 2018/2019"]
[Date "2019.03.17"]
[Round "7.6"]
[White "Wagenknecht, Uwe"]
[Black "Chilla, Jan Eric"]
[Result "1-0"]
[WhiteElo "2165"]
[BlackElo "2207"]
[PlyCount "79"]
[EventDate "2019.??.??"]
[WhiteTeam "SG Porz 1"]
[BlackTeam "SK Münster 1"]

1. c4 e5 2. Nc3 Bb4 3. Nf3 Bxc3 4. dxc3 Nc6 5. e4 d6 6. Bd3 Nge7 7. Nh4 O-O 8.
Qf3 Ng6 9. Nf5 Nh4 10. Nxh4 Qxh4 11. O-O Kh8 12. Bd2 Bd7 13. Qg3 Qh5 14. Rae1
Rae8 15. Be2 Qg6 16. Qh4 Qe6 17. b3 Ne7 18. Bd3 Bc6 19. g4 f6 20. Qg3 g5 21. h4
gxh4 22. Qxh4 Rg8 23. f3 Rg7 24. Kf2 Reg8 25. Rh1 Ng6 26. Qh6 b6 27. Rh5 Rd8
28. Reh1 Rdd7 29. Be3 Bb7 30. Bf1 Bxe4 31. fxe4 Qxg4 32. Bh3 Qxe4 33. Bf5 Qa8
34. Bxg6 Qg8 35. Be4 f5 36. Rxf5 Rdf7 37. Rxf7 Rxf7+ 38. Ke2 Qg4+ 39. Kd3 c6
40. Bxh7 1-0

[Event "SG Porz 1 - SK Münster 1"]
[Site "Oberliga NRW 2018/2019"]
[Date "2019.03.17"]
[Round "7.7"]
[White "Kamp, Christoph"]
[Black "Peschlow, Patrick"]
[Result "1/2-1/2"]
[WhiteElo "2235"]
[BlackElo "2297"]
[PlyCount "39"]
[EventDate "2019.??.??"]
[WhiteTeam "SK Münster 1"]
[BlackTeam "SG Porz 1"]

1. c4 Nf6 2. Nc3 d5 3. cxd5 Nxd5 4. Nf3 g6 5. Qa4+ Nc6 6. Ne5 Qd6 7. Nxc6 Qxc6
8. Qxc6+ bxc6 9. g3 Bg7 10. Bg2 Be6 11. O-O O-O 12. e3 Rfd8 13. d4 c5 14. Ne2
cxd4 15. Nxd4 Bxd4 16. exd4 Rab8 17. b3 Nc3 18. Re1 Rxd4 19. Bb2 Rd3 20. Bf1
1/2-1/2

[Event "SG Porz 1 - SK Münster 1"]
[Site "Oberliga NRW 2018/2019"]
[Date "2019.03.17"]
[Round "7.8"]
[White "Bunyatov, Rustam"]
[Black "Bolwerk, Peter"]
[Result "1-0"]
[WhiteElo "2220"]
[BlackElo "2177"]
[PlyCount "95"]
[EventDate "2019.??.??"]
[WhiteTeam "SG Porz 1"]
[BlackTeam "SK Münster 1"]

1. c4 Nf6 2. Nf3 g6 3. b4 Bg7 4. Bb2 O-O 5. g3 b6 6. Bg2 Bb7 7. O-O d6 8. d3 e5
9. Nc3 Nbd7 10. e4 Re8 11. Nd2 Nf8 12. f4 Ne6 13. f5 Nd4 14. Nb3 gxf5 15. exf5
Bxg2 16. Kxg2 Qd7 17. g4 h6 18. Ne4 Qc6 19. b5 Qb7 20. Nbd2 a6 21. Bxd4 exd4
22. Qf3 Kh8 23. a4 axb5 24. axb5 Rxa1 25. Rxa1 Nd7 26. g5 Ne5 27. Qh3 Rg8 28.
Kf2 Bf8 29. Ke2 Qc8 30. Rf1 Rg7 31. Qh5 Qd8 32. Nf3 Nxf3 33. Rxf3 Qe8 34. h4
Rh7 35. Kf2 Be7 36. g6 fxg6 37. fxg6 Rg7 38. Qxh6+ Kg8 39. h5 d5 40. Ng3 Bb4
41. Qf4 Qe6 42. Qf5 Qxf5 43. Nxf5 Rd7 44. cxd5 Rxd5 45. h6 Rxb5 46. h7+ Kh8 47.
g7+ Kxh7 48. Rh3+ 1-0

[Event "KKS- Bochum"]
[Site "?"]
[Date "2019.03.17"]
[Round "7.1"]
[White "Friedmann, Rafael"]
[Black "Strohhaeker, Raoul"]
[Result "0-1"]
[WhiteElo "2417"]
[BlackElo "2416"]
[PlyCount "106"]
[EventDate "2019.??.??"]
[WhiteTeam "SG Bochum"]
[BlackTeam "Klub Kölner SF"]

1. Nf3 d5 2. g3 c6 3. Bg2 Bg4 4. Ne5 Bf5 5. d4 Nf6 6. c4 e6 7. Nc3 Nbd7 8. Nxd7
Qxd7 9. Qb3 Rd8 10. c5 e5 11. dxe5 Ng4 12. Na4 Nxe5 13. Bf4 Ng6 14. Be3 Be7 15.
Bd4 O-O 16. O-O Rfe8 17. Rfe1 Nf8 18. Rad1 Ne6 19. e3 Qc8 20. Qc3 Bg4 21. f3
Bf5 22. b4 {(=)} h5 23. Nb2 h4 24. Nd3 hxg3 25. hxg3 Nxd4 26. exd4 Bxd3 27.
Qxd3 Bf6 28. Kf2 g6 29. f4 Kg7 30. Rxe8 Rxe8 31. b5 Qe6 32. a4 g5 33. f5 Qe7
34. Bf3 Qc7 35. Qd2 Qd7 36. Qd3 Qc7 37. Qd2 Qd7 38. Qd3 Qd8 39. Qd2 g4 40. Bxg4
Re4 41. Bf3 Rxd4 42. Qc2 Rb4 43. Rd2 Qa5 44. Re2 Rxa4 45. bxc6 bxc6 46. Kg2 Rc4
47. Qb1 Qxc5 48. Qb7 Rc1 49. Rf2 Rc2 50. Rxc2 Qxc2+ 51. Kh3 Qxf5+ 52. Kg2 Qc2+
53. Kh3 Qf2 0-1

[Event "KKS- Bochum"]
[Site "?"]
[Date "2019.03.17"]
[Round "7.2"]
[White "Morawietz, Dieter"]
[Black "Kotainy, Jens"]
[Result "0-1"]
[WhiteElo "2370"]
[BlackElo "2428"]
[PlyCount "90"]
[EventDate "2019.??.??"]
[WhiteTeam "Klub Kölner SF"]
[BlackTeam "SG Bochum"]

1. e4 e6 2. d4 d5 3. Nc3 Bb4 4. e5 Bf8 5. Nf3 c5 6. dxc5 Bxc5 7. Bd3 Nc6 8. O-O
Nge7 9. Bf4 a6 10. a3 Ng6 11. Bg3 O-O 12. h4 f5 13. exf6 gxf6 14. Bxg6 hxg6 15.
Qd3 Ne7 16. Rad1 Qe8 17. Rfe1 Qf7 18. b4 Ba7 19. Bd6 Re8 20. Na4 b5 21. Nc5 Nf5
22. Bh2 Bxc5 23. bxc5 e5 24. Bxe5 fxe5 25. Nxe5 Rxe5 26. Rxe5 Be6 27. Rde1 Ng7
28. Qc3 Rf8 29. R1e2 Qf6 30. Qd2 Bf7 31. Qa5 Nf5 32. Qb6 Qxh4 33. Qxa6 Kg7 34.
Rxf5 gxf5 35. Qd6 f4 36. c6 Rh8 37. Qe5+ Qf6 38. c7 Qxe5 39. Rxe5 Kf6 40. Re1
Rc8 41. Rb1 Rxc7 42. Rb2 Rc3 43. Kf1 Be8 44. Rb4 Ke5 45. Rb1 Bc6 0-1

[Event "KKS- Bochum"]
[Site "?"]
[Date "2019.03.17"]
[Round "7.3"]
[White "Hendriks, Willy"]
[Black "Helbig, Mark"]
[Result "1-0"]
[WhiteElo "2364"]
[BlackElo "2336"]
[PlyCount "67"]
[EventDate "2019.??.??"]
[WhiteTeam "SG Bochum"]
[BlackTeam "Klub Kölner SF"]

1. g3 d5 2. Bg2 c6 3. Nf3 Nf6 4. O-O Bg4 5. d3 Nbd7 6. h3 Bxf3 7. Bxf3 e6 8. e4
dxe4 9. dxe4 Bc5 10. Qe2 Qc7 11. Kh1 h6 12. Bg2 O-O-O 13. Nd2 Kb8 14. Rb1 Rhe8
15. b4 Bf8 16. Nc4 Ka8 17. a4 Nb6 18. Nxb6+ Qxb6 19. a5 Qc7 20. e5 Nd7 21. a6
Nb6 22. b5 Nd5 23. axb7+ Kb8 24. bxc6 Bc5 25. Qa6 Bb6 26. c4 Nc3 27. Rb3 Nd1
28. Kg1 Rd4 29. Ba3 Red8 30. Bd6 R8xd6 31. exd6 Rxd6 32. Rxb6 Qxb6 33. Qxb6
axb6 34. Bf3 1-0

[Event "KKS- Bochum"]
[Site "?"]
[Date "2019.03.17"]
[Round "7.4"]
[White "Bayer, Ernst-Wolfgang"]
[Black "Schlawin, Marlon"]
[Result "1/2-1/2"]
[WhiteElo "2218"]
[BlackElo "2286"]
[PlyCount "41"]
[EventDate "2019.??.??"]
[WhiteTeam "Klub Kölner SF"]
[BlackTeam "SG Bochum"]

1. d4 e6 2. Nf3 b6 3. g3 Bb7 4. Bg2 Nf6 5. O-O c5 6. c4 Be7 7. Nc3 cxd4 8. Qxd4
O-O 9. Bg5 h6 10. Bxf6 Bxf6 11. Qf4 Bxc3 12. bxc3 Qf6 13. Qc7 Bxf3 14. exf3 Na6
15. Qxd7 Qxc3 16. f4 Nc5 17. Qe7 Rfe8 18. Qc7 Rec8 19. Qe7 Re8 20. Qc7 Rec8 21.
Qe7 1/2-1/2

[Event "KKS- Bochum"]
[Site "?"]
[Date "2019.03.17"]
[Round "7.5"]
[White "Koellner, Ruben Gideon"]
[Black "Bonnmann, Reinhard"]
[Result "1-0"]
[WhiteElo "2242"]
[BlackElo "2192"]
[PlyCount "54"]
[EventDate "2019.??.??"]
[WhiteTeam "SG Bochum"]
[BlackTeam "Klub Kölner SF"]

1. d4 Nf6 2. Nf3 g6 3. Nbd2 Bg7 4. e4 d6 5. Bc4 O-O 6. O-O c5 7. dxc5 dxc5 8.
e5 Nd5 9. Qe2 Nf4 10. Qe4 Ne6 11. Nb3 Nc6 12. Re1 Qc7 13. c3 Rb8 14. Bxe6 Bxe6
15. Nxc5 Bf5 16. Qe3 Bg4 17. e6 Bxf3 18. Qxf3 Ne5 19. Qd5 Rbd8 20. exf7+ Rxf7
21. Ne6 Rxd5 22. Nxc7 Rd6 23. Ne8 Re6 24. Be3 Bh8 25. Bd4 Kf8 26. Nc7 Rc6 27.
Nb5 Bf6 1-0

[Event "KKS- Bochum"]
[Site "?"]
[Date "2019.03.17"]
[Round "7.6"]
[White "Ludwig, Peter"]
[Black "Werthebach, Felix"]
[Result "1-0"]
[WhiteElo "2116"]
[BlackElo "2139"]
[PlyCount "91"]
[EventDate "2019.??.??"]
[WhiteTeam "Klub Kölner SF"]
[BlackTeam "SG Bochum"]

1. Nf3 f5 2. d3 Nc6 3. c4 Nf6 4. g3 g6 5. Bg2 Bg7 6. Nc3 d6 7. O-O O-O 8. Rb1
e5 9. Bg5 h6 10. Bxf6 Qxf6 11. Nd5 Qf7 12. b4 Nd8 13. b5 Ne6 14. a4 Rb8 15. a5
b6 16. a6 g5 {(=)} 17. Nb4 Bd7 18. Ne1 Kh8 19. Nc6 Ra8 20. Bd5 Qf6 21. Ng2 f4
22. Nb4 Rad8 23. Be4 Qf7 24. Ne1 g4 25. Nd5 Rc8 26. Ng2 Ng5 27. gxf4 Nh3+ 28.
Kh1 Qh5 29. e3 exf4 30. Ndxf4 Qg5 31. Ng6+ Kg8 32. Nxf8 Rxf8 33. f4 gxf3 34.
Bxf3 Kh8 35. Qe2 Re8 36. Be4 Be5 37. Nf4 Bg4 38. Qd2 Bxf4 39. exf4 Qh5 40. Qb2+
Kg8 41. Qg2 Kh8 42. Rbe1 Rg8 43. Qb2+ Rg7 44. f5 Ng5 45. f6 Rf7 46. Bd5 1-0

[Event "KKS- Bochum"]
[Site "?"]
[Date "2019.03.17"]
[Round "7.7"]
[White "Wuebker, Paul-Luca"]
[Black "Wisskirchen, Andreas"]
[Result "1/2-1/2"]
[WhiteElo "2079"]
[BlackElo "2202"]
[PlyCount "144"]
[EventDate "2019.??.??"]
[WhiteTeam "SG Bochum"]
[BlackTeam "Klub Kölner SF"]

1. d4 Nf6 2. c4 g6 3. Nc3 Bg7 4. e4 d6 5. f3 O-O 6. Be3 e5 7. d5 Nh5 8. Qd2 f5
9. exf5 gxf5 10. Bg5 Qe8 11. O-O-O Bd7 12. Nh3 Na6 13. Be2 Nf6 14. Nf2 Nc5 15.
g4 e4 16. fxe4 Nfxe4 17. Nfxe4 Nxe4 18. Nxe4 Qxe4 19. gxf5 Bxf5 20. Bd3 Qxd3
21. Qxd3 Bxd3 22. Rxd3 Rf2 23. Rd2 Raf8 24. Rg1 Rf1+ 25. Rd1 Rxd1+ 26. Kxd1 Kf7
27. Rf1+ Kg6 28. Rxf8 Bxf8 29. Bd8 c6 30. Ke2 cxd5 31. cxd5 Kf5 32. Kd3 Bg7 33.
Be7 Be5 34. h3 b5 35. b3 Bg3 36. Kc3 Be1+ 37. Kd4 Bb4 38. a4 a6 39. axb5 axb5
40. Bf8 Bc5+ 41. Kd3 Ke5 42. Bg7+ Kxd5 43. Bc3 Bf2 44. Bb2 Bg3 45. Bd4 Be5 46.
Bf2 Ke6 47. Ke4 d5+ 48. Kd3 Kf5 49. Be3 h5 50. Bd2 Ba1 51. Be3 Ke5 52. Bh6 Kd6
53. Be3 Be5 54. Bf2 {(=)} Ke6 55. Be3 Kf5 56. Bd2 d4 57. Bc1 Bf6 58. Bd2 Bg5
59. Be1 Be3 60. Bg3 Bg1 61. Bc7 Bf2 62. Ke2 Bh4 63. Kd3 Bf6 64. Bh2 Be5 65. Bg1
h4 66. Bf2 Bf6 67. b4 Kf4 68. Bxh4 Bxh4 69. Kxd4 Be7 70. Kd5 Bxb4 71. Kc6 Kg3
72. Kxb5 Kxh3 1/2-1/2

[Event "KKS- Bochum"]
[Site "?"]
[Date "2019.03.17"]
[Round "7.8"]
[White "Schmidt, Martin"]
[Black "Dahm, Jochen"]
[Result "1/2-1/2"]
[WhiteElo "2204"]
[BlackElo "2223"]
[PlyCount "94"]
[EventDate "2019.??.??"]
[WhiteTeam "Klub Kölner SF"]
[BlackTeam "SG Bochum"]

1. e4 e5 2. Nf3 Nc6 3. Bb5 Nge7 4. O-O g6 5. d4 exd4 6. Bg5 Bg7 7. c3 O-O 8.
cxd4 h6 9. Bh4 d6 10. Bxc6 bxc6 11. Nc3 Bg4 12. Qd3 g5 13. Bg3 Rb8 14. b3 f5
15. exf5 Nxf5 16. Qc4+ Rf7 17. Qxc6 Bxf3 18. Qxf3 Bxd4 19. Qd3 Qf6 20. Ne4 Qg7
21. Rac1 Rbf8 22. Kh1 Qg6 23. Rfe1 Re7 24. Qc4+ Kh7 25. Nd2 Rfe8 26. Rxe7+ Rxe7
27. Nf3 Bb6 28. b4 Qe6 29. Qxe6 Rxe6 30. a4 a5 31. bxa5 Bxa5 32. Kg1 Re4 33.
Ra1 Kg6 34. Kf1 c5 35. Rd1 c4 36. Bxd6 c3 37. g4 Nxd6 38. Rxd6+ Kg7 39. Rc6
Rxg4 40. Ne5 Rxa4 41. Nd3 Ra2 42. Kg2 Rd2 43. Nc1 Bb4 44. Rc4 Rc2 45. Nb3 Rb2
46. Rxb4 c2 47. Rc4 Rxb3 1/2-1/2

[Event "SG Bochum 1 - SK Münster 1"]
[Site "Oberliga NRW 2018/2019"]
[Date "2019.04.14"]
[Round "8.1"]
[White "Webb, Laurence"]
[Black "Friedmann, Rafael"]
[Result "1/2-1/2"]
[WhiteElo "2281"]
[BlackElo "2417"]
[PlyCount "37"]
[EventDate "2019.??.??"]
[WhiteTeam "SK Münster 1"]
[BlackTeam "SG Bochum 1"]

1. e4 e5 2. Nc3 Nf6 3. Nf3 Nc6 4. Bb5 Nd4 5. Nxd4 exd4 6. e5 dxc3 7. exf6 Qxf6
8. dxc3 Bc5 9. Qe2+ Qe6 10. Qxe6+ fxe6 11. Be3 Bxe3 12. fxe3 Ke7 13. O-O-O d6
14. Rhf1 e5 15. Bc4 Be6 16. Bxe6 Kxe6 17. Kd2 Rhf8 18. Ke2 Rad8 19. c4 1/2-1/2

[Event "SG Bochum 1 - SK Münster 1"]
[Site "Oberliga NRW 2018/2019"]
[Date "2019.04.14"]
[Round "8.2"]
[White "Kotainy, Jens"]
[Black "Holtel, Jasper"]
[Result "0-1"]
[WhiteElo "2428"]
[BlackElo "2206"]
[PlyCount "80"]
[EventDate "2019.??.??"]
[WhiteTeam "SG Bochum 1"]
[BlackTeam "SK Münster 1"]

1. d4 Nf6 2. Bf4 g6 3. e3 Bg7 4. Nf3 O-O 5. Be2 d6 6. h3 c5 7. O-O b6 8. a4 a6
9. c3 Bb7 10. Nbd2 Nbd7 11. Bh2 Ra7 12. b4 cxb4 13. cxb4 Qa8 14. Rc1 Rc8 15.
Bd3 a5 16. b5 Rxc1 17. Qxc1 Nd5 18. Bb1 Qc8 19. Qxc8+ Bxc8 20. Rc1 Rc7 21. Rxc7
Nxc7 22. Nc4 Bb7 23. e4 Ne6 24. d5 Nec5 25. Bc2 Kf8 26. Bf4 f5 27. exf5 Bxd5
28. Ncd2 gxf5 29. Bxf5 Ke8 30. Bc2 Bg8 31. Be3 e5 32. Ng5 d5 33. f4 e4 34. Bxc5
Nxc5 35. Nb3 h6 36. Nxc5 Bd4+ 37. Kf1 Bxc5 38. Nxe4 dxe4 39. Bxe4 Bb3 40. Bd3
Bxa4 0-1

[Event "SG Bochum 1 - SK Münster 1"]
[Site "Oberliga NRW 2018/2019"]
[Date "2019.04.14"]
[Round "8.3"]
[White "Wolter, Kai"]
[Black "Hendriks, Willy"]
[Result "0-1"]
[WhiteElo "2253"]
[BlackElo "2364"]
[PlyCount "78"]
[EventDate "2019.??.??"]
[WhiteTeam "SK Münster 1"]
[BlackTeam "SG Bochum 1"]

1. e4 c5 2. Nf3 e6 3. d4 cxd4 4. Nxd4 a6 5. c4 Nf6 6. Nc3 Qc7 7. Be2 b6 8. O-O
Bb7 9. Qd3 d6 10. Bg5 Nbd7 11. Bxf6 Nxf6 12. f4 Be7 13. f5 e5 14. Nc2 b5 15.
cxb5 O-O 16. Ne3 axb5 17. Kh1 Qc5 18. Rfd1 b4 19. Ncd5 Nxd5 20. Nxd5 Bxd5 21.
Qxd5 Qxd5 22. Rxd5 Rfc8 23. Bd1 Rc4 24. Bb3 Rxe4 25. Rb5 Rc8 26. g3 Rd4 27. a4
bxa3 28. bxa3 Bf6 29. a4 e4 30. Re1 g6 31. fxg6 hxg6 32. a5 Kg7 33. Bd5 Rd2 34.
Bb3 Be5 35. a6 Rh8 36. Rxe5 Rdxh2+ 37. Kg1 Rh1+ 38. Kf2 R8h2+ 39. Ke3 Rxe1+ 0-1

[Event "SG Bochum 1 - SK Münster 1"]
[Site "Oberliga NRW 2018/2019"]
[Date "2019.04.14"]
[Round "8.4"]
[White "Schlawin, Marlon"]
[Black "Wilde, Pierre"]
[Result "1/2-1/2"]
[WhiteElo "2286"]
[BlackElo "2196"]
[PlyCount "68"]
[EventDate "2019.??.??"]
[WhiteTeam "SG Bochum 1"]
[BlackTeam "SK Münster 1"]

1. e4 c5 2. Nf3 e6 3. c3 d5 4. exd5 Qxd5 5. d4 Nf6 6. Be3 cxd4 7. cxd4 Bb4+ 8.
Nc3 Bd7 9. Be2 Bb5 10. O-O Bxc3 11. bxc3 Nbd7 12. Rb1 Bxe2 13. Qxe2 O-O 14.
Rfc1 b6 15. c4 Qe4 16. Rb5 Rfc8 17. h3 Rc7 18. a4 a6 19. Rb4 Rac8 20. Nd2 Qf5
21. Ra1 a5 22. Rb2 Ne4 23. Nxe4 Qxe4 24. Rc1 h6 25. Qc2 Qh4 26. Qd3 e5 27. Rd2
exd4 28. Qxd4 Qxd4 29. Rxd4 Ne5 30. c5 Rxc5 31. Rxc5 bxc5 32. Rd5 Nc4 33. Bxc5
Nb2 34. Bb6 Nxa4 1/2-1/2

[Event "SG Bochum 1 - SK Münster 1"]
[Site "Oberliga NRW 2018/2019"]
[Date "2019.04.14"]
[Round "8.5"]
[White "Muschik, Benedikt"]
[Black "Werthebach, Felix"]
[Result "1/2-1/2"]
[WhiteElo "2213"]
[BlackElo "2139"]
[PlyCount "28"]
[EventDate "2019.??.??"]
[WhiteTeam "SK Münster 1"]
[BlackTeam "SG Bochum 1"]

1. d4 f5 2. Bg5 g6 3. Nc3 Bg7 4. e4 fxe4 5. Nxe4 Nf6 6. Bd3 Nc6 7. c3 d5 8.
Nxf6+ exf6 9. Bf4 O-O 10. Qc2 Re8+ 11. Ne2 Ne7 12. O-O Bf5 13. Ng3 Bxd3 14.
Qxd3 Qd7 1/2-1/2

[Event "SG Bochum 1 - SK Münster 1"]
[Site "Oberliga NRW 2018/2019"]
[Date "2019.04.14"]
[Round "8.6"]
[White "Backwinkel, Paul"]
[Black "Kamp, Christoph"]
[Result "1/2-1/2"]
[WhiteElo "2217"]
[BlackElo "2235"]
[PlyCount "99"]
[EventDate "2019.??.??"]
[WhiteTeam "SG Bochum 1"]
[BlackTeam "SK Münster 1"]

1. Nf3 d5 2. e3 c5 3. Bb5+ Nc6 4. Ne5 Bd7 5. Bxc6 Bxc6 6. Nxc6 bxc6 7. d3 Nf6
8. Nd2 e6 9. b3 Bd6 10. Bb2 Qc7 11. Nf3 O-O 12. Bxf6 gxf6 13. O-O Kh8 14. e4
Rg8 15. c4 d4 16. g3 Rg7 17. Nh4 Rag8 18. Ng2 Rg4 19. Kh1 Qe7 20. f3 R4g7 21.
f4 Bc7 22. Qe2 Rg4 23. Rf2 Ba5 24. Nh4 R4g7 25. Raf1 Rb8 26. Qh5 Rbg8 27. Rg2
Bd8 28. Nf3 Bc7 29. Nh4 Bd8 30. Rfg1 Bc7 31. Nf3 Qf8 32. e5 f5 33. h4 f6 34.
exf6 Qxf6 35. Ng5 Qg6 36. Qxg6 Rxg6 37. h5 Rxg5 38. fxg5 Rxg5 39. Rh2 Bxg3 40.
Rh3 Bf4 41. Rxg5 Bxg5 42. Rh2 Kg7 43. Re2 Kf6 44. Kg2 a5 45. Kf3 e5 46. Rg2 h6
47. a3 Ke6 48. Rg1 Kf7 49. Rb1 Be7 50. Rg1 1/2-1/2

[Event "SG Bochum 1 - SK Münster 1"]
[Site "Oberliga NRW 2018/2019"]
[Date "2019.04.14"]
[Round "8.8"]
[White "Biermann, Lenhard"]
[Black "Schmitzer, Klaus"]
[Result "1/2-1/2"]
[WhiteElo "2080"]
[BlackElo "2258"]
[PlyCount "103"]
[EventDate "2019.??.??"]
[WhiteTeam "SG Bochum 1"]
[BlackTeam "SK Münster 1"]

1. d4 e6 2. Nf3 b6 3. c4 Bb7 4. a3 f5 5. Nc3 a5 6. d5 Na6 7. Bf4 Nf6 8. h3 Bc5
9. e3 O-O 10. g4 Qe7 11. gxf5 exf5 12. Bd3 c6 13. Bc2 cxd5 14. cxd5 Bd6 15. Bg5
h6 16. Bxf6 Rxf6 17. Nd4 Qe5 18. Nf3 Qe7 19. Nd4 Raf8 20. Qf3 Qe5 21. O-O-O Rc8
22. Ndb5 Bf8 23. Rd4 Nc7 24. Kb1 Nxb5 25. Nxb5 Rc5 26. a4 Kh8 27. Bb3 g6 28.
Rhd1 Bg7 29. Qf4 Rf8 30. Qxe5 Bxe5 31. R4d2 g5 32. Rc2 Rxc2 33. Bxc2 g4 34. Nd4
f4 35. hxg4 fxe3 36. fxe3 Bxd5 37. e4 Bxd4 38. exd5 Rf4 39. d6 Rxg4 40. Bf5 Rg1
41. Rxg1 Bxg1 42. Bxd7 Bc5 43. Kc2 Bxd6 44. Kd3 Kg7 45. Ke4 Kf6 46. Kf3 Kg5 47.
Kg2 Kf4 48. b3 Ke3 49. Bb5 Kd4 50. Kh3 Kc3 51. Bc4 Kb4 52. Kg4 1/2-1/2

[Event "SV Erkenschwick 1 - SG Porz 1"]
[Site "Oberliga NRW 2018/2019"]
[Date "2019.04.14"]
[Round "8.1"]
[White "Van Den Doel, Erik"]
[Black "Jens, Jelmer"]
[Result "1-0"]
[WhiteElo "2595"]
[BlackElo "2382"]
[PlyCount "59"]
[EventDate "2019.??.??"]
[WhiteTeam "SG Porz 1"]
[BlackTeam "SV Erkenschwick 1"]

1. d4 f5 2. Nc3 Nf6 3. Bg5 d5 4. e3 Be6 5. Nf3 Nbd7 6. Bd3 g6 7. O-O Bg7 8. Ne2
O-O 9. Rc1 Bf7 10. c4 e6 11. Qb3 Rb8 12. Ne5 Qe8 13. Bf4 Nxe5 14. Bxe5 Qd7 15.
Nc3 Ne4 16. Bxg7 Kxg7 17. Bxe4 fxe4 18. Qa4 c6 19. Qxa7 g5 20. f4 exf3 21. Rxf3
Bh5 22. Rxf8 Rxf8 23. Rf1 Rxf1+ 24. Kxf1 Bg6 25. Kg1 Bd3 26. cxd5 Qf7 27. h3 g4
28. dxe6 Qc7 29. d5 c5 30. Qa4 1-0